Institute of music and dance at Ghana Bharathi campus Bangalore (Record no. 9199)

000 -LEADER
fixed length control field 00505nam a22001577a 4500
008 - FIXED-LENGTH DATA ELEMENTS--GENERAL INFORMATION
fixed length control field 210329b ||||| |||| 00| 0 eng d
040 ## - CATALOGING SOURCE
Original cataloging agency BMS College of Archtecture
100 ## - MAIN ENTRY--PERSONAL NAME
Personal name B, L, Maanasa
245 ## - TITLE STATEMENT
Title Institute of music and dance at Ghana Bharathi campus Bangalore
300 ## - PHYSICAL DESCRIPTION
Extent NA
500 ## - GENERAL NOTE
General note 1BM03AT013
502 ## - DISSERTATION NOTE
Degree type B.Arch
Name of granting institution BMS College of Architecture, Visvesvaraya Technological University
Dissertation note Project report
Year degree granted 2008
650 ## - SUBJECT ADDED ENTRY--TOPICAL TERM
Topical term or geographic name as entry element Campus
700 ## - ADDED ENTRY--PERSONAL NAME
Personal name K R Madhu Chand
Relator term Guide
942 ## - ADDED ENTRY ELEMENTS (KOHA)
Source of classification or shelving scheme
Koha item type UG-Thesis and Dissertations
Holdings
Withdrawn status Lost status Source of classification or shelving scheme Damaged status Not for loan Permanent Location Current Location Date acquired Barcode Date last seen Koha item type
          BMS College of Architecture, Design and Planning BMS College of Architecture, Design and Planning 2021-03-29 AR-UGP813 2021-03-29 UG-Thesis and Dissertations
Copyright © 2025, The Librarian, Library and Information Centre, BMSCA D&P, Bengaluru. All Rights Reserved
web counter

Powered by Koha